000 01629cam a22004334i 4500
003 PE-LiUPU
005 20250731165443.0
008 160921s2013 r 000 0 spa d
035 _a(Sirsi) a163651
082 0 4 _a005.8
_bM19
_220
100 1 _aMaldonado Irtega, Roberto,
_eautor.
245 1 4 _aLos delitos informáticos en el Perú y el Mundo /
_cRoberto Maldonado Ortega.
264 _aLima, Perú :
_bITS BUSINESS,
_c2013.
300 _a132 páginas :
_bilustraciones ;
_c25 centímetros.
336 _atext
_2rdacontent
337 _aunmediated
_2rdamedia
338 _avolume
_2rdacarrier
505 0 _aHistoria de la delincuecia -- Estafas a través de correos electrónicos y sitios web -- 1 Marco jurídico de los delitos cibernéticos -- Legislación sobre delitos informáticos -- Objetivos -- Alcances y limitaciones -- Conceptualización y generalidades -- Tipificación de los delitos informáticos...
526 _aSEG44
526 _aSEG26
526 _aP151
526 _aP150
526 _aP149
526 _aP146
526 _aP145
526 _aP126
526 _aP125
526 _aP92
526 _aP75
526 _aP74
526 _aP27
526 _aP15
541 _g002-000781;
650 1 4 _aDelitos informáticos.
650 2 4 _aDelitos informáticos
_zPerú.
596 _a1
942 _2ddc
_cBOOK
999 _a005.8 M19
_wDEWEY
_c12515
_i74627
_f2022-4-17
_g6
_lCCODEBUL1
_mBUL
_p6.00
_r1
_sY
_tBOOK
_u2016-9-21
_xFCE
_PP08
_0COMPRA
_o.STAFF. Colección Ciencias Empresariales
_d12515
980 _81
_gALBERTO SANCHEZ Responsable de Automatización